00225nam a2200085Ia 4500008004100000041000800041100001400049245005200063260002400115231212s1994 xx 000 0 und d aeng aBadri Ram aFundamentals Of Microprocessor & Microcomputers aPunebB.P.B.Pc1994